1077 1782 1508 1260 1217 1420 1381 1836 1365 1865 1785 1017 1140 1561 1448 1875 1273 1682 1743 1750 1088 1939 1547 1284 1667 1859 1218 1758 1800 1238 1372 1774 1770 1425 1397 1472 1344 1955 1185 1803 1387 1302 1537 1964 1379 1585 1314 1395 1815 1597 1996 1698 1480 1230 1891 1517 1694 1883 1880 1568 1047 1010 1512 1446 1226 1539 1112 1562 1889 1258 1826 1056 1595 1751 1785 1734 1471 1193 1150 1309 1684 1599 1084 1389 1954 1753 1421 1298 1749 1491 1367 1365 1970 1820 1199 1496 1977 1679 1256 BCNSPRNW ULIB Ver.6.0+V

เปลี่ยนเป็นภาษาไทย

Change to English
 แสดงรายละเอียดบรรณานุกรม
  กลับหน้าหลัก

Brief Record : Get Marc (ISO 2709) : E-mail record : QR code < ปิดหน้าต่าง
LEADER : 00000nam 2200000uu 4500
001    13399110763
003     ULIB
008    110608s2546||||th 000 0 tha d
020    9747597438 (ล.1)
020    9747597543 (ล.2)
020    9747597535 (ล.2)
020    9747597624 (ล.3)
090    นว^bท869ล ล.1-3 2544-2546
100 1  โทลคีน, เจ.อาร์.อาร์,^dค.ศ.1892-1973
245 10 ลอร์ด ออฟ เดอะ ริงส์ =^bThe Lord of the rings /^cเจ.อาร์.อาร์ โทลคีน, เรื่องและภาพประกอบ ; วัลลี ชื่นยง, แปล
246 31 Lord of the rings
260    กรุงเทพฯ :^bแพรวเยาวชน,^c2544-<2546>
300    3 เล่ม ;^c22 ซม. +^eแผ่นพับ 1 แผ่น
440  0 วรรณกรรมเยาวชน
505 0  ^gล.1^tมหันตภัยแห่งแหวน --^gล.2^tหอคอยคู่พิฆาต --^gล.3^tกษัตริย์คืนบัลลังก์
650  7 นวนิยายอังกฤษ^xการแปลเป็นภาษาไทย
700 0  วัลลี ชื่นยง,^eผู้แปล
700 1  Tolkien, J.R.R.^q(John Ronald Reuel),^d1892-1973
740 02 มหันตภัยแห่งแหวน
740 02 หอคอยคู่พิฆาต
740 02 กษัตริย์คืนบัลลังก์
945    ^p325^l0^i014804
945    ^p325^l0^i030133
945    ^p325^l0^i014803
945    ^p325^l0^i014805
995    เกษร
999 ^a ใช้งานได้ทุกระบบ
รายการนี้ยังไม่มีแท็ก
คุณยังไม่ได้ล็อกอิน คุณสามารถมีกิจกรรมร่วมกับเว็บไซต์ได้ แต่ต้องล็อกอินก่อน ::
  ล็อกอิน

รายการสื่อสารสนเทศ

ลำดับที่ ประเภท เลขเรียก/บาร์โค้ด สถานที่ สถานะ
- ไม่พบข้อมูล -

BibComment


ยังไม่เคยถูกคอมเมนท์

คอมเมนท์ทรัพยากรรายการนี้
  คอมเมนท์: ลอร์ด ออฟ เดอะ ริ..

สมาชิกที่บันทึกรายการนี้ไว้ในรายการโปรด
นางสาวนุชศรา พรมชัย

 Copyright 2026. Bcnsprnw @Library